000
00333nam a2200133 a 4500
005
20140414093846.0
008
100218s19uu xx uuu eng d
050
_a
CDR 519.2
_b
PRO [n.d.]
245
_a
Probability & statistics :
_b
Multimedia.
650
_a
Probability.
650
_a
Statistics.
942
_c
AVM
999
_c
109593
_d
109593